UBT Library

Windows Vista/ (Record no. 419)

000 -LEADER
fixed length control field 00535nam a22001937a 4500
005 - DATE AND TIME OF LATEST TRANSACTION
control field 20140312094447.0
008 - FIXED-LENGTH DATA ELEMENTS--GENERAL INFORMATION
fixed length control field 140312b xxu||||| |||| 00| 0 eng d
020 ## - INTERNATIONAL STANDARD BOOK NUMBER
International Standard Book Number 9780072263824
080 ## - UNIVERSAL DECIMAL CLASSIFICATION NUMBER
Universal Decimal Classification number 004
100 ## - Rafti
-- Matthews, Marty
245 ## - TITLE STATEMENT
Title Windows Vista/
Statement of responsibility, etc Marty Matthews;
250 ## -
-- 1 st.ed.;
260 ## -
-- New York,
-- McGraw Hill,
-- 2007,
300 ## -
-- 262 f.:
-- me il.;
-- 20 cm,
500 ## -
-- Përfshin indeksin f. 253-262
650 ## -
-- Kompjuterat
650 ## -
-- Kompjuterat-Programi-Softuerat
942 ## - ADDED ENTRY ELEMENTS (KOHA)
Source of classification or shelving scheme
Item type Books
Holdings
Withdrawn status Lost status Source of classification or shelving scheme Damaged status Not for loan Collection code Permanent location Current location Shelving location Date acquired Total Checkouts Full call number Barcode Date last seen Price effective from Koha item type
          Koleksioni i përgjithshem UBT - Ferizaj UBT - Ferizaj Koleksioni i përgjithshem 03/12/2014   004 MAT 003000156 03/12/2014 03/12/2014 Books
          Koleksioni i përgjithshem UBT - Ferizaj UBT - Ferizaj Koleksioni i përgjithshem 03/12/2014   004 MAT 003000157 03/12/2014 03/12/2014 Books
          Koleksioni i përgjithshem UBT - Ferizaj UBT - Ferizaj Koleksioni i përgjithshem 03/12/2014   004 MAT 003000158 03/12/2014 03/12/2014 Books
          Koleksioni i përgjithshem UBT - Ferizaj UBT - Ferizaj Koleksioni i përgjithshem 03/12/2014   004 MAT 003000159 03/12/2014 03/12/2014 Books
          Koleksioni i përgjithshem UBT - Ferizaj UBT - Ferizaj Koleksioni i përgjithshem 03/12/2014   004 MAT 003000160 03/12/2014 03/12/2014 Books
          Koleksioni i përgjithshem UBT - Ferizaj UBT - Ferizaj Koleksioni i përgjithshem 03/12/2014   004 MAT 003000161 03/12/2014 03/12/2014 Books
          Koleksioni i përgjithshem UBT - Ferizaj UBT - Ferizaj Koleksioni i përgjithshem 03/12/2014   004 MAT 003000162 03/12/2014 03/12/2014 Books
          Koleksioni i përgjithshem UBT - Ferizaj UBT - Ferizaj Koleksioni i përgjithshem 03/12/2014   004 MAT 003000163 03/12/2014 03/12/2014 Books
          Koleksioni i përgjithshem UBT - Ferizaj UBT - Ferizaj Koleksioni i përgjithshem 03/12/2014   004 MAT 003000164 03/12/2014 03/12/2014 Books
          Koleksioni i përgjithshem UBT - Ferizaj UBT - Ferizaj Koleksioni i përgjithshem 03/12/2014   004 MAT 003000165 03/12/2014 03/12/2014 Books
UBT Library © 2015-2024. All rights reserved University Education for Business and Technology